Hawaii: an informal history

Salvato in:
Dettagli Bibliografici
Autore principale: Judd, Gerrit P (Autore)
Natura: Libro
Lingua:spagnolo
Pubblicazione: Nueva York Collier Books 1961
Soggetti:
Tags: Aggiungi Tag
Nessun Tag, puoi essere il primo ad aggiungerne!!

MARC

LEADER 00000nam a2200000 a 4500
001 UCO3833
003 CL-VaPUC
008 000720e19610000US |||||||||||||||||spa|d
082 0 4 |a 996.9  |b JUD  |2 21 
100 0 |a Judd, Gerrit P  |e author  |9 447812 
245 1 0 |a Hawaii: an informal history 
300 |a 223 p 
942 |c BK 
945 |d 20000720 00:00:00  |a crobeson 
260 |a Nueva York  |b Collier Books  |c 1961 
650 7 |a HISTORIA DE HAWAII  |2 CL-VaPUC  |9 447813 
651 7 |a HAWAII  |2 CL-VaPUC  |9 447814 
583 |a last modification  |c 20000720 00:00:00  |k Rodrigo Vera 
999 |c 289964  |d 289962 
952 |0 0  |1 0  |4 0  |6 996_900000000000000_JUD_1961  |7 0  |8 A  |9 338955  |a BIBHIS  |b BIBHIS  |d 2019-11-20  |i 1201794  |o 996.9 JUD 1961  |p 1201794  |r 2025-01-20  |w 2019-11-20  |y BK  |k HIS